000 00424nam a22001697a 4500
003 MPLRDC
005 20220104123514.0
008 210129b ||||| |||| 00| 0 eng d
082 _a226.6 LXY
100 _a林信义主编
245 _a禅. 生活的历练
_c
260 _a
_b耀文图书公司
_c1991
300 _b
490 _a佛禅作品系列. 13
650 _a佛教宗派--禅宗
942 _cBK
_o226.6 LXY
999 _c11957
_d11947